Cycling - UCI Road World Championships – Men's road race - Statistics

General Stats
  • This quiz has been taken 494 times
    108 since last reset
  • The average score is 35 of 92
Answer Stats
Year Hint Answer % Correct
2025 SVN Tadej Pogačar
99%
2024 SVN Tadej Pogačar
99%
2023 NED Mathieu Van Der Poel
98%
2017 SVK Peter Sagan
98%
2016 SVK Peter Sagan
98%
2015 SVK PeterSagan
98%
2021 FRA Julian Alaphilippe
95%
2020 FRA Julian Alaphilippe
95%
2019 DEN Mads Pedersen
94%
2022 BEL Remco Evenepoel
90%
2018 ESP Alejandro Valverde
89%
2013 POR Rui Costa
88%
2014 POL Michal Kwiatkowski
82%
2011 GBR Mark Cavendish
79%
1974 BEL Eddy Merckx
74%
1971 BEL Eddy Merckx
74%
1967 BEL Eddy Merckx
74%
2012 BEL Philippe Gilbert
74%
2009 AUS Cadel Evans
71%
2005 BEL Tom Boonen
68%
1993 USA Lance Armstrong
66%
2010 NOR Thor Hushovd
65%
1980 FRA Bernard Hinault
63%
1989 USA Greg LeMond
52%
1983 USA Greg LeMond
52%
1953 ITA Fausto Coppi
49%
2004 ESP Óscar Freire
48%
2001 ESP Óscar Freire
48%
1999 ESP Óscar Freire
48%
1985 NED Joop Zoetemelk
45%
1987 IRL Stephen Roche
45%
2002 ITA Mario Cipollini
44%
2007 ITA Paolo Bettini
44%
2006 ITA Paolo Bettini
44%
1996 BEL Johan Museeuw
41%
2008 ITA Alessandro Ballan
40%
1964 NED Jan Janssen
38%
1981 BEL Freddy Maertens
35%
1976 BEL Freddy Maertens
35%
1992 ITA Gianni Bugno
34%
1991 ITA Gianni Bugno
34%
1973 ITA Felice Gimondi
33%
1961 BEL Rik Van Looy
30%
1960 BEL Rik Van Looy
30%
1951 SUI Ferdi Kübler
28%
1979 NED Jan Raas
28%
2000 LAT Romāns Vainšteins
28%
1965 GBR Tom Simpson
28%
1975 NED Hennie Kuiper
26%
2003 ESP Igor Astarloa
26%
1998 SUI Oscar Camenzind
26%
1995 ESP Abraham Olano
24%
1994 FRA Luc Leblanc
24%
1954 FRA Louison Bobet
23%
1932 ITA Alfredo Binda
22%
1930 ITA Alfredo Binda
22%
1927 ITA Alfredo Binda
22%
1997 FRA Laurent Brochard
22%
1984 BEL Claude Criquielion
21%
1970 BEL Jean-Pierre Monseré
21%
1988 ITA Maurizio Fondriest
20%
1986 ITA Moreno Argentin
20%
1990 BEL Rudy Dhaenens
20%
1955 BEL Stan Ockers
20%
1982 ITA Giuseppe Saronni
18%
1963 BEL Benoni Beheyt
17%
1957 BEL Rik Van Steenbergen
17%
1956 BEL Rik Van Steenbergen
17%
1949 BEL Rik Van Steenbergen
17%
1950 BEL Briek Schotte
13%
1948 BEL Briek Schotte
13%
1978 NED Gerrie Knetemann
13%
1972 ITA Marino Basso
13%
1966 FRG Rudi Altig
13%
1977 ITA Francesco Moser
12%
1936 FRA Antonin Magne
11%
1959 FRA André Darrigade
10%
1969 NED Harm Ottenbros
10%
1962 FRA Jean Stablinski
9%
1931 ITA Learco Guerra
9%
1968 ITA Vittorio Adorni
9%
1933 FRA Georges Speicher
7%
1937 BEL Eloi Meulenberg
6%
1958 ITA Ercole Baldini
6%
1929 BEL Georges Ronsse
6%
1928 BEL Georges Ronsse
6%
1938 BEL Marcel Kint
6%
1934 BEL Karel Kaers
5%
1946 SUI Hans Knecht
4%
1952 FRG Heinz Müller
4%
1947 NED Theo Middelkamp
4%
1935 BEL Jean Aerts
2%
No matching quizzes found
Score Distribution
Percent of People with Each Score
Percentile by Number Answered
Your Score History
You have not taken this quiz since the last reset